Normal view
MARC view
- BILLIET, WALTER E,ALLEY, WALTER
Entry Personal Name
001 - CONTROL NUMBER
- control field: 75965
003 - CONTROL NUMBER IDENTIFIER
- control field: NUST
005 - DATE AND TIME OF LATEST TRANSACTION
- control field: 20210628205536.0
008 - FIXED-LENGTH DATA ELEMENTS
- fixed length control field: 210628|| aca||aabn | a|a d
040 ## - CATALOGING SOURCE
- Original cataloging agency: NUST
- Transcribing agency: NUST
100 ## - HEADING--PERSONAL NAME
- Personal name: BILLIET, WALTER E,ALLEY, WALTER
670 ## - SOURCE DATA FOUND
- Source citation: Work cat.: (NUST): BILLIET, WALTER E,ALLEY, WALTER, DISC AND DRUM BRAKE SERVICE, 1974
